Associez ces chansons à leurs rappeurs français - Statistiques

Statistiques générales
  • Ce quiz a été pris 5 063 fois
  • Le résultat moyen est 8 sur 20
Statistiques - réponses
Hint Réponse % Correct
Goutte d'eau Ninho
76%
L1 L2 Zola
76%
Signaler Damso
74%
Le monde ou rien PNL
72%
Aventador Koba LaD
54%
Mauvais payeur La Fève
50%
Jeremy Lin Freeze Corleone
44%
Martin Eden Nekfeu
42%
Bizon Kaaris
38%
Finis les Alonzo
33%
Garde la pêche Booba
33%
Idiote PLK
33%
Le code SCH
33%
Aulnay-Sous-Bois Vald
24%
La Ligne Verte Hugo TSR
23%
La classe Jul
21%
10 balles Kekra
17%
Chez le mac IAM
14%
Tdsi Rohff
14%
Du R5 au R1 Guizmo
11%
Aucun quiz correspondant
Distribution des résultats
% des personnes avec chaque résultat
Percentile par nombre de réponses
Votre historique - résultats
Vous n’avez pas pris ce quiz